[Event "TUR Cup"]
[Site "Antalya"]
[Date "2020.01.29"]
[Round "6"]
[White "Mercanli, Abdullah Gokturk"]
[Black "Zavalsiz, Adem"]
[Result "1-0"]
[WhiteElo "1474"]
[BlackElo "1559"]
[PlyCount "85"]
[EventDate "2020.01.26"]
[EventType "swiss"]
[EventRounds "11"]
[EventCountry "TUR"]
[SourceTitle "CBM 194 Extra"]
[Source "ChessBase"]
[SourceDate "2020.03.31"]
[SourceVersion "1"]
[SourceVersionDate "2020.03.31"]
[SourceQuality "1"]

1. d4 Nf6 2. Nf3 d5 3. c4 e6 4. Nc3 c6 5. Bg5 Be7 6. e3 Nbd7 7. Bd3 h6 8. Bh4 0-0 9. 0-0 Re8 10. Re1 dxc4 11. Bxc4 Nd5 12. Bxe7 Qxe7 13. e4 N5b6 14. Bb3 e5 15. d5 Nf8 16. dxc6 bxc6 17. Rc1 Bg4 18. h3 Bh5 19. Na4 Rac8 20. g4 Bg6 21. Nc5 Qf6 22. a4 Red8 23. Qe2 Nfd7 24. Kg2 Nxc5 25. Rxc5 Nd7 26. Rc3 Qe7 27. Rec1 c5 28. a5 Kh8 29. Bd5 Nf6 30. Rd1 c4 31. Nd2 Rxd5 32. exd5 Nxd5 33. Rxc4 Nf4+ 34. Rxf4 Qb7+ 35. Rf3 Qxb2 36. Re3 f6 37. Ne4 Rc2 38. Qf3 Rc8 39. Rdd3 Kh7 40. Nxf6+ gxf6 41. Rd7+ Kg8 42. Qxf6 Be4+ 43. Kg1 1-0

[Event "TUR Cup"]
[Site "Antalya"]
[Date "2020.01.27"]
[Round "3"]
[White "Zavalsiz, Adem"]
[Black "Kalinoglu, Yagiz"]
[Result "1/2-1/2"]
[WhiteElo "1559"]
[BlackElo "1304"]
[PlyCount "109"]
[EventDate "2020.01.26"]
[EventType "swiss"]
[EventRounds "11"]
[EventCountry "TUR"]
[SourceTitle "CBM 194 Extra"]
[Source "ChessBase"]
[SourceDate "2020.03.31"]
[SourceVersion "1"]
[SourceVersionDate "2020.03.31"]
[SourceQuality "1"]

1. e4 e5 2. Nf3 Nc6 3. d4 exd4 4. Nxd4 Bb4+ 5. c3 Bc5 6. Nxc6 dxc6 7. Qxd8+ Kxd8 8. Be2 Be6 9. 0-0 Ne7 10. a4 a5 11. Kh1 Ke8 12. f4 f6 13. Nd2 Rd8 14. f5 Bf7 15. Nf3 Bd6 16. Be3 c5 17. c4 Nc6 18. Rfd1 b6 19. b3 Ke7 20. g3 Ne5 21. Bf4 Nxf3 22. Bxd6+ Rxd6 23. Rxd6 Kxd6 24. Bxf3 Rd8 25. Rd1+ Ke7 26. Rxd8 Kxd8 27. Kg1 Kd7 28. Kf2 Kd6 29. Ke3 Ke5 30. g4 g5 31. fxg6 Bxg6 32. h4 h6 33. h5 Bh7 34. Bg2 Bg8 35. Bf3 Be6 36. Be2 c6 37. Bd1 Bd7 38. Be2 Bc8 39. Bd1 Ba6 40. Be2 Bb7 41. Bf3 Bc8 42. Be2 Bd7 43. Kf3 Be8 44. Ke3 Bd7 45. Kf3 Be6 46. Ke3 Bg8 47. Bd3 Bh7 48. Bc2 Bg8 49. Bd3 Bf7 50. Be2 Be8 51. Bd3 Bf7 52. Bf1 Be6 53. Be2 Bd7 54. Kf3 Bc8 55. Ke3 1/2-1/2

[Event "TUR-ch"]
[Site "Kemer"]
[Date "2011.02.10"]
[Round "7"]
[White "Zavalsiz, Adem"]
[Black "Bapoglu, Ibrahim"]
[Result "1-0"]
[WhiteElo "1667"]
[BlackElo "1900"]
[PlyCount "117"]
[EventDate "2011.02.05"]
[EventType "swiss"]
[EventRounds "10"]
[EventCountry "TUR"]
[SourceTitle "CBM 140 Extra"]
[Source "ChessBase"]
[SourceDate "2011.03.01"]
[SourceVersion "1"]
[SourceVersionDate "2011.03.01"]
[SourceQuality "1"]

1. d4 Nf6 2. c4 g6 3. Nc3 Bg7 4. e4 d6 5. Nf3 0-0 6. h3 Nbd7 7. Be2 c5 8. d5 Ne8 9. Bd2 f5 10. exf5 Rxf5 11. Qc1 Ne5 12. Nxe5 Bxe5 13. Bg4 Rf8 14. Bxc8 Qxc8 15. 0-0 Qf5 16. Nd1 Ng7 17. Ne3 Qd7 18. Ng4 Bf6 19. Bc3 Nf5 20. Bxf6 exf6 21. Qc3 Nd4 22. Kh1 h5 23. Ne3 Rae8 24. Rae1 Re7 25. Nc2 Nf5 26. Rxe7 Qxe7 27. Re1 Qd7 28. Re6 Kg7 29. Qe1 Rf7 30. b3 b6 31. g4 hxg4 32. hxg4 Nh6 33. f3 Ng8 34. f4 Ne7 35. Qg3 Kf8 36. Kg2 f5 37. g5 b5 38. Qc3 Kg8 39. Ne1 bxc4 40. bxc4 Qa4 41. Qb3 Qa5 42. Nf3 Qa6 43. Ne5 Rg7 44. Nd7 Rf7 45. Nf6+ Kg7 46. Ne8+ Kg8 47. Nxd6 Qa5 48. Nxf7 Qd2+ 49. Kf3 Kxf7 50. Re2 Qc1 51. Rxe7+ Kf8 52. Re2 Qf1+ 53. Ke3 Qg1+ 54. Kd2 Qd4+ 55. Kc2 Qxf4 56. Qb5 Qxg5 57. Qxc5+ Kg8 58. Re8+ Kf7 59. Qf8# 1-0

[Event "TUR-ch"]
[Site "Kemer"]
[Date "2011.02.09"]
[Round "6"]
[White "Tasan, Mehmet Askin"]
[Black "Zavalsiz, Adem"]
[Result "0-1"]
[WhiteElo "2049"]
[BlackElo "1667"]
[PlyCount "100"]
[EventDate "2011.02.05"]
[EventType "swiss"]
[EventRounds "10"]
[EventCountry "TUR"]
[SourceTitle "CBM 140 Extra"]
[Source "ChessBase"]
[SourceDate "2011.03.01"]
[SourceVersion "1"]
[SourceVersionDate "2011.03.01"]
[SourceQuality "1"]

1. Nf3 d5 2. c4 e6 3. e3 Nf6 4. b3 Be7 5. Be2 c5 6. Bb2 Nc6 7. 0-0 d4 8. d3 e5 9. e4 h6 10. Ne1 g5 11. Bc1 Be6 12. a3 a5 13. Bd2 Ra6 14. g3 Qd6 15. Bf3 Qd7 16. Bg2 Bh3 17. Ra2 Rg8 18. a4 Nb4 19. Rb2 Bxg2 20. Kxg2 h5 21. h3 Qe6 22. Na3 Kd7 23. Kh2 Raa8 24. Bc1 Rg7 25. f3 Rag8 26. Rbf2 Bd6 27. Ng2 Nc6 28. Bd2 b6 29. Be1 Nh7 30. Nb5 Bb8 31. Re2 Nf8 32. h4 f6 33. Rb2 Qe7 34. Qe2 Ne6 35. Na3 Ncd8 36. Ra2 Nf7 37. Qd1 Nh6 38. Nb1 Bd6 39. Na3 Rg6 40. Nb5 Bb8 41. Qc1 Nf7 42. Qd1 Nh6 43. Qc1 f5 44. hxg5 Nxg5 45. Nh4 Rf6 46. Bd2 f4 47. gxf4 exf4 48. Be1 Qe6 49. Rg2 Qh3+ 50. Kg1 Nxf3+ 0-1